Přenos a rozvod elektrické energie

Enregistré dans:
Détails bibliographiques
Auteur principal: Němeček, František (Auteur)
Format: Livre
Langue:tchèque
Publié: Praha : České vysoké učení technické v Praze, 1983
Édition:1. vyd.
Tags: Ajouter un tag
Pas de tags, Soyez le premier à ajouter un tag!

MARC

LEADER 00000nam a22000003a 4500
001 stu25953
005 20150617225700.7
008 980605s1983------------------------cze-d
040 |a STU  |b slo 
041 0 |a cze 
100 1 |a Němeček, František  |4 aut 
245 1 |a Přenos a rozvod elektrické energie 
250 |a 1. vyd. 
260 |a Praha :  |b České vysoké učení technické v Praze,  |c 1983 
300 |a 224 s 
996 |b 284ES16976  |c E*S-19032  |l EE01  |s A  |a 24  |w stu25953_0001 
996 |b 284ES16975  |c E*S-19030  |l EE01  |s A  |a 24  |w stu25953_0005